Ramon d'Abadal: entre la història i la política (1888-1970) / Francesc Vilanova i Vila-Abadal ; pròleg de Josep M. Font i Rius entre la història i la política (1888-1970) / Francesc Vilanova i Vila-Abadal ; pròleg de Josep M. Font i Rius
Descripción Física:
668 p. ; 25 cm
Colección:
Col·lecció Seminari. Sèrie Catalònia ; 6
Otros Autores:
Font i Rius, Josep M.
MARC
| LEADER | 00000nam a2200000Ia 4500 | ||
|---|---|---|---|
| 001 | 11745 | ||
| 008 | 160829s1996 xx 000 0 cat d | ||
| 080 | |a M-2-362 | ||
| 100 | |a Vilanova, Francesc |9 37678 | ||
| 245 | |a Ramon d'Abadal: |b entre la història i la política (1888-1970) / Francesc Vilanova i Vila-Abadal ; pròleg de Josep M. Font i Rius | ||
| 260 | |a Lleida : |b Pagès, editors, |c 1996 | ||
| 300 | |a 668 p. ; |c 25 cm | ||
| 490 | |a Col·lecció Seminari. Sèrie Catalònia ; 6 | ||
| 600 | 0 | |a Abadal i de Vinyals, Ramon d', |d 1888-1970 |9 31594 | |
| 650 | 0 | |a Polítics |z Catalunya |v Biografia |9 33087 | |
| 650 | |a Històriadors |x Catalunya |x Biografia |9 33088 | ||
| 700 | |a Font i Rius, Josep M. |9 29873 | ||
| 901 | |a Arxiu | ||
| 942 | |n 1 | ||
| 952 | |0 0 |1 0 |4 0 |6 M2362 |7 1 |9 46199 |a Arxiu |b Arxiu |d 2016-12-01 |l 0 |o M-2-362 |p 11745 |r 2016-12-01 00:00:00 |w 2016-12-01 |y ARXIU | ||
| 999 | |c 49701 |d 49701 | ||